ბათუმის შოთა რუსთაველის სახელმწიფო უნივერსიტეტის ბიბლიოთეკა

მცირე აზიის სელჩუკები და საქართველო = The Asia Minor Seljuks and Georgia = Сельджуки Малой Азии и Грузия : (ბიბ.ჩანაწერი № 56411)

000 -ლიდერი
ფიქსირებული სიგრძის საკონტროლო ველი 01362nam a2200265Ia 4500
001 - საკონტროლო ნომერი
საკონტროლო ველი 23524
003 - საკონტროლო ნომრის იდენტიფიკატორი
საკონტროლო ველი GE_BSU
005 - ბოლო ოპერაციის თარიღი და დრო
საკონტროლო ველი 20220530104735.0
008 - ფიქსირებული სიგრძის მონაცემთა ელემენტები - ზოგადი ინფორმაცია
ფიქსირებული სიგრძის საკონტროლო ველი 181216s2003||||ge |||||||||||||| ||geo||
020 ## - წიგნის საერთაშორისო სტანდარტული ნომერი
International Standard Book Number 99928912623
040 ## - კატალოგიზაციის წყარო
Transcribing agency GE_BSU
041 ## - ენის კოდი
Language code of text/sound track or separate title geo
080 ## - უნივერსალური ათობითი კლასიფიკაციის ინდექსი
Universal Decimal Classification number 94(479.22)"10/11 შ-48
100 ## - მთავარი ჩანაწერი - პიროვნების სახელი
Personal name შენგელია, ნოდარ
9 (RLIN) 13872
245 ## - ცნობა სათაურის შესახებ
Title მცირე აზიის სელჩუკები და საქართველო = The Asia Minor Seljuks and Georgia = Сельджуки Малой Азии и Грузия :
Remainder of title (XI საუკუნის უკანასკნელი მეოთხედი-XII საუკუნე) /
Statement of responsibility, etc ნოდარ შენგელია; [რედ.: რ. მეტრეველი].
264 ## - წარმოების, გამოცემის, დისტრიბუციის და სხვა ცნობები
გამოცემის, წარმოების, დისტრიბუციის... ადგილი თბილისი :
გამოცემის, წარმოების, დისტრიბუციის... სახელწოდება უნ-ტის გამ-ბა,
გამოცემის, წარმოების, დისტრიბუციის... თარიღი 2003.
300 ## - ფიზიკური აღწერა
Extent 504 გვ. ;
Other physical details 20 სმ.
501 ## - შენიშვნა თანმხლებ მასალაზე
With note საძიებელი: გვ. 494-498.
520 ## - SUMMARY, ETC.
Summary, etc რეზ. რუს. და ინგლ. ენ.
653 ## - INDEX TERM--UNCONTROLLED
Uncontrolled term ისტორია
653 ## - INDEX TERM--UNCONTROLLED
Uncontrolled term საქართველოს ისტორია -- XI-XII სს.
653 ## - INDEX TERM--UNCONTROLLED
Uncontrolled term თურქ-სელჩუკები საქართველოში.
700 ## - ADDED ENTRY--PERSONAL NAME
Personal name მეტრეველი, რ.
Relator term რედაქტორი
9 (RLIN) 13873
942 ## - ADDED ENTRY ELEMENTS (KOHA)
Koha item type წიგნი
Source of classification or shelving scheme
ეგზემპლარები
ჩამოწერის სტატუსი დაკარგული ეგზემპლარის სტატუსი კლასიფიკაციის წყარო ან თაროზე გაწყობის სქემა დაზიანების სტატუსი არ გაიცემა მუდმივი მდებარეობა (დაცვის ადგილი) ამჟამინდელი ადგილსამყოფელი თაროზე განთავსების ადგილი შეძენის თარიღი ღირებულება, შესყიდვის ნორმალური ფასი სრული შენახვის შიფრი შტრიხკოდი ბოლო ოპერაციის თარიღი ეგზემპლარის მიმდევრობითი ნომერი (კეტერი?) ფასის ძალაში შესვლის თარიღი ეგზემპლარის სახეობა საჯარო შენიშვნა
          ბათუმის შოთა რუსთაველის სახელმწიფო უნივერსიტეტის მთავარი ბიბლიოთეკა ბათუმის შოთა რუსთაველის სახელმწიფო უნივერსიტეტის მთავარი ბიბლიოთეკა წიგნსაცავი 2018-12-17 10.00 94(479.22)"10/11" შ-48 28412 2018-12-17 28412 2018-12-17 წიგნი 10 ლ.